1636 1913 1317 1271 1668 1613 1545 1199 1605 1896 1316 1218 1943 1184 1794 1612 1983 1439 1164 1689 1411 1134 1589 1075 1511 1300 1907 1173 1283 1458 1187 1507 1596 1470 1656 1594 1461 1023 1061 1245 1070 1399 1063 1827 1930 1425 1355 1287 1879 1712 1917 1601 1033 1428 1723 1668 1218 1770 1638 1629 1881 1684 1986 1187 1728 1398 1205 1021 1622 1335 1123 1138 1068 1624 1505 1274 1305 1623 1930 1154 1710 1302 1550 1155 1774 1518 1492 1239 1565 1268 1115 1456 1500 1712 1889 1087 1417 1515 1713 BCNSPRNW ULIB Ver.6.0+V

เปลี่ยนเป็นภาษาไทย

Change to English
 แสดงรายละเอียดบรรณานุกรม
  กลับหน้าหลัก

Brief Record : Get Marc (ISO 2709) : E-mail record : QR code < ปิดหน้าต่าง
LEADER : 00000nam 2200000uu 4500
001    13399124608
003     ULIB
008    151019s2550||||th 000 0 tha d
020    9789749702338
090    รส.^bป448ค
100 0  ปราบดา หยุ่น
245 00 ความน่าจะเป็น
945    ^p135^l0^i022046
999    ^aเกษร โพธิ์สุวรรณ
รายการนี้ยังไม่มีแท็ก
คุณยังไม่ได้ล็อกอิน คุณสามารถมีกิจกรรมร่วมกับเว็บไซต์ได้ แต่ต้องล็อกอินก่อน ::
  ล็อกอิน

รายการสื่อสารสนเทศ

ลำดับที่ ประเภท เลขเรียก/บาร์โค้ด สถานที่ สถานะ
1. นวนิยาย
นวนิยาย
รส. ป448ค ฉ.1 
  Barcode: 022046
ห้องสมุดวิทยาเขตนครสวรรค์
►นวนิยาย:l:Fiction
บนชั้น

รายการใกล้เคียง
    ชื่อเรื่อง [ความน่าจะเป็น]

BibComment


ยังไม่เคยถูกคอมเมนท์

คอมเมนท์ทรัพยากรรายการนี้
  คอมเมนท์: ความน่าจะเป็น


 Copyright 2026. Bcnsprnw @Library